| 000 | 00394 a2200145 4500 | ||
|---|---|---|---|
| 999 |
_c8413 _d8413 |
||
| 020 | _a0907985424 | ||
| 050 | _aPL8745THU1987 | ||
| 100 |
_aThuketana , Felix-A _eauthor |
||
| 245 |
_aNdzi Ngo Tinciki ! / _cFelix - A.T huketana |
||
| 264 |
_aBraamfontein: _bSasavona Publishers and booksellers, _c2017 |
||
| 300 | _a280p. : | ||
| 500 | _anovel | ||
| 650 | _anovel | ||
| 942 |
_2lcc _cBK _h8745 _iTHU _kPL |
||